| Tag |
First Indicator |
Second Indicator |
Subfields |
| LEADER |
00000cam a2200000I 4500 |
| 001 |
in00001665430 |
| 005 |
20151024121606.0 |
| 008 |
730329s1968 mx ac b 000 0 spa |
| 010 |
|
|
|a 79005930
|
| 035 |
|
|
|a (OCoLC)ocm00593305
|
| 040 |
|
|
|a DLC
|c OUN
|d OCL
|d TXA
|d UtOrBLW
|
| 049 |
|
|
|a TXAM
|
| 050 |
0 |
0 |
|a F1225.O35
|b C6
|
| 245 |
0 |
0 |
|a Conciencia y autenticidad históricas ;
|b escritos en homenaje a Edmundo O'Gorman, emerito, aetatis anno LX dicata /
|c [Juan A. Ortega y Medina, editor.
|
| 250 |
|
|
|a 1. ed.].
|
| 264 |
|
1 |
|a México :
|b UNAM,
|c 1968.
|
| 300 |
|
|
|a 434 pages :
|b illustrations, portraits ;
|c 23 cm.
|
| 336 |
|
|
|a text
|b txt
|2 rdacontent
|
| 337 |
|
|
|a unmediated
|b n
|2 rdamedia
|
| 338 |
|
|
|a volume
|b nc
|2 rdacarrier
|
| 504 |
|
|
|a List of works by Edmundo O'Gorman: pages [423]-434.
|
| 504 |
|
|
|a Bibliographical footnotes.
|
| 600 |
1 |
0 |
|a O'Gorman, Edmundo,
|d 1906-1995.
|
| 650 |
|
0 |
|a History.
|
| 700 |
1 |
|
|a Ortega y Medina, Juan Antonio,
|e editor.
|
| 948 |
|
|
|a cataloged
|b h
|c 2002/3/7
|d c
|e cmulkey
|f 8:58:21 am
|
| 994 |
|
|
|a E0
|b TXA
|
| 999 |
|
|
|a MARS
|
| 999 |
f |
f |
|s 0c4f709d-311a-3a62-b015-73874258c147
|i ae3f74d6-b6cd-3f17-994f-c050fdc00e35
|t 0
|
| 952 |
f |
f |
|p ric
|a Texas A&M University
|b Rellis Campus
|c Joint Library Facility
|d Remote Storage
|t 0
|e F1225.O35 C6
|h Library of Congress classification
|i unmediated -- volume
|m A14828692048
|
| 998 |
f |
f |
|a F1225.O35 C6
|t 0
|l Remote Storage
|